000 01026nam a22003257a 4500
001 BR2010000866
003 BR-BrBNA
005 20230928103203.0
007 ta
008 230509b bl.||||| |||| 00| 0 por d
040 _aBR-BrBNA
_bpor
_cBiblioteca Nacional de Agricultura
041 _a(Por)
072 _aQ04
_b9410
090 _ 9410 BR2010000866
100 1 _aMourthe Neto, A.
110 1 _aUniversidade Federal de Minas Gerais, Belo Horizonte, MG (Brasil). Escola de Veterinária
_0Tese (Mestre em Zootecnia)
_910868
245 1 _aProteína e gordura do leite captado em Minas Gerais e Goiania entre 2003 e 2006
260 3 _aBelo Horizonte, MG (Brasil):
_c2008.
300 _a42 p.
500 _aSummaries (Eng, Por); 49 ref.; 28 tables
650 _aLEITE
650 _aANÁLISE DE ALIMENTO
650 _aCOMPOSIÇÃO DE ALIMENTO
650 _aPROTEÍNA
650 _aGORDURA
650 _aPRODUÇÃO LEITEIRA
650 _aMINAS GERAIS
909 _a202309
_bLucia
_c55
_dLucia Elande
942 _cBK
999 _c74060
_d74060